| 000 | 00665nam a22002537a 4500 | ||
|---|---|---|---|
| 003 | OSt | ||
| 005 | 20260223150639.0 | ||
| 008 | 260223b |||||||| |||| 00| 0 eng d | ||
| 020 | _a9789353900281 | ||
| 040 | _cSTCPL | ||
| 041 | _aMAL | ||
| 082 |
_aM3 _bLAJ-RU |
||
| 100 |
_aJose, Lajo _qലാജോ ജോസ് |
||
| 245 |
_aRuthinte lokam / _cby Lajo Jose _hറൂത്തിൻ്റെ ലോകം |
||
| 260 |
_aKottayam : _bDC Books , _c2019. |
||
| 300 |
_a232 p. _bPB |
||
| 650 | _aMalayalam literature | ||
| 650 | _aFiction | ||
| 650 | _aNovel | ||
| 650 | _aPsychological thriller | ||
| 942 | _cBK | ||
| 942 | _2ddc | ||
| 942 |
_2ddc _n0 |
||
| 999 |
_c87447 _d87447 |
||